=LDR 00000nam 2200000 4500 =001 INLIS000000000810529 =005 20260409110151 =035 ##$$a 0010-0426000004 =007 ta =008 260409###########################0###### =020 ##$$a 9786027637856 =082 ##$$a 297.1226 =084 ##$$a 297.1226 DAS M =100 #$$a Syaikh Manna’ Al-Qatthan =245 1#$$a Buku Dasar-Dasar Ilmu Al-Quran =260 ##$$a Jakarta : :$b Ummul Qura =300 ##$$a 584 Halaman ; $c 16 x 24,5 cm